|
|
|
|
| LEADER |
00765nam a2200193 a 4500 |
| 001 |
00025965 |
| 008 |
121002s2012 bg ar f0 a0eng d |
| 040 |
|
|
|a BD-DhAAL
|c BD-DhAAL
|
| 082 |
0 |
0 |
|a 354.549200722
|2 22
|
| 245 |
0 |
0 |
|a Annual Budget 2012-2013 :
|b budget in brief
|
| 260 |
|
|
|a Dhaka :
|b Ministry of Finance, Finance Division.
|c 2012
|
| 300 |
|
|
|a 59 p. :
|b ill. ;
|c 25 cm.
|
| 515 |
|
|
|a Report based on fiscal year.
|
| 541 |
|
|
|a 00025965
|
| 650 |
|
0 |
|a Budget
|z Bangladesh
|
| 710 |
2 |
|
|a Ministry of Finance,Finance Division
|
| 852 |
1 |
|
|a Ayesha Abed Library
|j General shelf
|
| 999 |
|
|
|c 12879
|d 12879
|
| 952 |
|
|
|0 0
|1 0
|4 0
|6 354_549200722000000_ANN
|7 0
|9 21210
|a BRACUL
|b BRACUL
|c GEN
|d 2012-10-03
|e Development Book Agency
|g 0.00
|l 0
|o 354.549200722 ANN
|p 3010025965
|r 2012-10-04
|t 1
|w 2012-10-03
|y BK
|